[Event "25th Bosnjaci Open 2020"]
[Site "Bosnjaci"]
[Date "2020.01.09"]
[Round "7.2"]
[White "Zaja, Ivan"]
[Black "Rosic, Slavko S"]
[Result "1-0"]
[WhiteElo "2447"]
[BlackElo "2295"]
[Annotator "TA"]
[PlyCount "51"]
[EventDate "2020.01.03"]
[EventType "swiss"]
[EventCountry "CRO"]
[SourceTitle "playchess.com"]
[Source "ChessBase"]
[SourceQuality "1"]

{[%evp 22,51,83,81,117,118,113,109,160,150,177,181,210,204,193,195,209,221,520,517,509,514,511,496,454,359,454,333,518,511,603,581]} 1. d4 d5 2. c4 c6 3. Nf3 Nf6 4. Nc3 e6 5. Bg5 Be7 6. e3 Nbd7 7. cxd5 exd5 8. Bd3 O-O 9. Qc2 Re8 10. O-O Ne4 11. Bxe4 dxe4 12. Nxe4 f6 {D36: Queen's Gambit Declined: Exchange Variation: Main line (5 Bg5 c6 6 Qc2)} (12... Bxg5 13. Nexg5 Nf8 14. Ne4 Bf5 15. Nfd2 Bg6 16. Rfe1 Qe7 17. f3 Rad8 18. Qc3 Rd5 19. b4 Ne6 20. Nc5 f5 21. Nc4 Ng5 {1-0 (41) Kharlov,A (2639)-Petukhov,V (2497) Tomsk 2001}) 13. Bf4 Nf8 14. Nc3 g5 (14... Be6 $142) 15. Bg3 $16 Ng6 $146 ({Predecessor:} 15... Kg7 16. d5 cxd5 17. Nb5 Bd7 18. Nc7 {1-0 (18) Schwarz,P (2280)-Vogel,M Wiesbaden 1994}) 16. Qb3+ Kg7 17. d5 h5 18. Rfd1 {And now dxc6 would win.} h4 19. dxc6 {[%mdl 64] [#] Discovered Attack} Qa5 $2 (19... Qb6) 20. cxb7 $18 Bxb7 21. Qxb7 hxg3 22. hxg3 Rab8 23. Qd7 Red8 24. Qa4 Qc5 (24... Qxa4 $142 25. Nxa4 Kf7) 25. Rxd8 Bxd8 26. Nd4 1-0

[Event "25th Bosnjaci Open 2020"]
[Site "Bosnjaci"]
[Date "2020.01.07"]
[Round "7.3"]
[White "Muratovic, Efim"]
[Black "Bobanac, Miro"]
[Result "0-1"]
[WhiteElo "2394"]
[BlackElo "2218"]
[Annotator "TA"]
[PlyCount "68"]
[EventDate "2020.01.03"]
[EventType "swiss"]
[EventCountry "CRO"]
[SourceTitle "playchess.com"]
[Source "ChessBase"]
[SourceQuality "1"]

{[%evp 10,68,18,2,21,29,27,13,23,0,10,8,6,-19,-14,-17,-24,-14,-17,-43,-34,-41,-41,-38,-39,-49,-49,-24,-48,-47,-39,-36,-36,-40,-33,-30,-21,-91,-86,-120,-112,-133,-130,-130,-118,-135,-119,-211,-189,-866,-857,-866,-854,-836,-821,-1472,-1445,-1386,-1362,-1348,-1028]} 1. d4 Nf6 2. Nf3 e6 3. g3 b5 4. Bg2 Bb7 5. O-O Be7 6. Bg5 c5 {A46: 1 d4 Nf6 2 Nf3 e6: Torre, London and Colle Systems} (6... d5 7. Nbd2 Nbd7 8. c3 c5 9. a4 a6 10. dxc5 Nxc5 11. axb5 axb5 12. Rxa8 Bxa8 13. Nd4 Qb6 14. e3 {½-½ (38) Kovacevic,B (2497)-Lenic,L (2657) Slovenia 2018}) 7. dxc5 Na6 8. Nc3 Bc6 {The position is equal.} 9. a4 b4 10. Nb5 O-O 11. Bf4 $146 ({Predecessor:} 11. Nbd4 Bd5 12. c6 dxc6 13. Ne5 Bxg2 14. Kxg2 {0-1 (28) Amorim,D (2132)-Pinheiro,I (2318) Fortaleza 2011}) 11... Nxc5 12. Bc7 Qc8 $1 {aiming for ...Bxb5.} 13. Bd6 Bxd6 14. Nxd6 Qb8 15. Ne5 Bxg2 16. Kxg2 Nb7 17. Nec4 Nxd6 18. Nxd6 Nd5 19. Nc4 Qc7 20. Qd4 Rfc8 21. b3 Nc3 $40 {[%mdl 128] Black attacks.} 22. Nd6 Qc5 23. Qd3 {[#]} (23. Qf4 $11 {remains equal.} Rf8 24. e4) 23... Rc6 $1 $17 {[%cal Rc6d6]} 24. Nc4 d5 25. Ne5 Rc7 26. Nf3 h6 27. Nd2 e5 28. e4 {[#]} (28. Qf5 $17) 28... dxe4 $1 $19 29. Qa6 $2 (29. Nxe4 Qc6 30. f3) 29... Qd5 {Black is clearly winning.} 30. Nc4 e3+ 31. f3 e2 32. Rfe1 e4 33. fxe4 Qxe4+ {[%mdl 64] Double Attack} 34. Kg1 Rd8 {Accuracy: White = 38%, Black = 85%.} 0-1

[Event "25th Bosnjaci Open 2020"]
[Site "Bosnjaci"]
[Date "2020.01.09"]
[Round "7.4"]
[White "Plenkovic, Zdenko"]
[Black "Medic, Mirjana"]
[Result "1-0"]
[WhiteElo "2348"]
[BlackElo "2195"]
[Annotator "TA"]
[PlyCount "79"]
[EventDate "2020.01.03"]
[EventType "swiss"]
[EventCountry "CRO"]
[SourceTitle "playchess.com"]
[Source "ChessBase"]
[SourceQuality "1"]

{[%evp 9,79,0,26,19,32,28,33,26,18,39,35,38,35,0,4,0,0,-4,5,16,12,6,35,41,32,40,47,-36,-44,-54,-35,-87,-83,-91,9,12,106,133,152,119,216,120,119,118,256,256,256,256,251,185,255,242,256,255,254,247,271,277,379,382,480,302,500,467,582,570,904,891,872,854,806,805]} 1. c4 e6 2. g3 Nf6 3. Bg2 d5 4. Nf3 c6 5. O-O Nbd7 6. d3 {A13: English Opening: 1...e6} (6. d4 Bd6 7. Nfd2 e5 8. cxd5 cxd5 9. dxe5 Nxe5 10. Nc3 Be6 11. Qa4+ Nc6 12. e4 d4 13. Nd5 O-O 14. Nb3 d3 {½-½ (26) Grischuk,A (2761)-Radjabov,T (2784) Moscow 2012}) 6... e5 7. cxd5 cxd5 8. d4 {White is slightly better.} e4 $1 {[%cal Re4f3]} 9. Ne5 Be7 $146 ({Predecessor:} 9... Bd6 10. Bf4 Qe7 11. Nc3 O-O 12. Nxd7 Bxd7 13. Bg5 Bc6 {½-½ (53) Kokarev,D (2616)-Ponkratov,P (2589) Izhevsk 2012}) 10. Nc3 O-O 11. Qb3 Nb6 12. a4 a5 13. f3 {[%cal Rf3e4]} exf3 14. exf3 Be6 15. f4 g6 16. f5 Bxf5 17. Bh6 $36 {[%mdl 2048] White has good play.} Re8 18. Rxf5 (18. Rae1 $14) 18... gxf5 $15 19. Rf1 {[#]} Nc4 $1 {[#]} 20. Rxf5 (20. Nxd5 $1 $15 {[%mdl 512]} Nxe5 (20... Nxd5 21. Qxc4) 21. dxe5 Nxd5 22. Bxd5 Bc5+ {[%mdl 64] Discovered Attack} 23. Kh1) (20. Nxc4 dxc4) 20... Nxe5 $17 21. Rxe5 {[#] Hoping for Rg5+.} Ng4 ({Black should play} 21... Bf8 $1 $17 {[%cal Rf8h6]} 22. Bg5 h6 23. Rxe8 Qxe8 24. Bxf6 Qe3+ 25. Kf1 Qd3+ 26. Kg1 Re8) 22. Rxd5 $11 Nxh6 (22... Qc8 $1 $11 {remains equal.} 23. Bd2 Qe6) 23. Rxd8 $16 Raxd8 24. Nd5 ({Much less strong is} 24. Qxb7 $6 Bf6 $14) 24... Kg7 (24... Bg5 $16 {was worth a try.} 25. Qf3 Rd6) 25. Nxe7 ({Don't play} 25. Qxb7 $6 Bg5 $16) ({White should try} 25. Qb5 $18 Bg5 26. Bf3 (26. Qxa5 b6 $16)) 25... Rxe7 26. d5 Rd6 (26... Rc8 $16 {might work better.}) 27. Qc3+ $18 f6 28. Qxa5 Nf7 29. Qc5 b6 (29... Rdd7 $142) 30. Qd4 Ra7 31. Qg4+ Kf8 32. Qc4 Kg7 33. Bh3 Ne5 34. Qb3 Nd7 35. Qd1 Nc5 $2 (35... Nf8 36. Bf5 Ng6) 36. b4 {White is clearly winning.} Ne4 37. Bf5 Nc3 38. Qg4+ Kf8 39. Be6 {White threatens Qg8+ and mate.} Rg7 40. Qf3 {Accuracy: White = 66%, Black = 26%.} 1-0

[Event "25th Bosnjaci Open 2020"]
[Site "Bosnjaci"]
[Date "2020.01.09"]
[Round "7.5"]
[White "Vidovic, Sasa"]
[Black "Klasan, Vladimir"]
[Result "1-0"]
[WhiteElo "2187"]
[BlackElo "2342"]
[Annotator "TA"]
[PlyCount "69"]
[EventDate "2020.01.03"]
[EventType "swiss"]
[EventCountry "CRO"]
[SourceTitle "playchess.com"]
[Source "ChessBase"]
[SourceQuality "1"]

{[%evp 10,69,12,12,14,11,11,6,2,2,2,0,0,0,0,0,7,-5,6,-26,-20,-28,14,18,20,0,0,0,0,0,14,9,47,46,64,63,103,109,185,147,185,196,278,260,276,277,295,285,317,318,364,348,403,0,392,410,1515,1451,1413,485,1406,1398]} 1. b3 e5 2. Bb2 Nc6 3. e3 Nf6 4. Nf3 e4 5. Nd4 Nxd4 6. Bxd4 Be7 {A01: Nimzowitsch-Larsen Opening} (6... d5 7. c4 c5 8. Bxf6 Qxf6 9. Nc3 dxc4 10. Bxc4 Qe5 11. f4 exf3 12. Qxf3 Qf5 13. Qg3 Be6 14. Rf1 {1-0 (31) Jobava,B (2604)-Motylev,A (2640) Moscow 2019}) 7. c4 O-O 8. Nc3 c5 {The position is equal.} 9. Bxf6 Bxf6 10. Rc1 Bxc3 11. dxc3 d6 12. g3 Re8 $146 ({Predecessor:} 12... Bf5 13. Bg2 Qd7 14. Qd5 Rfe8 15. Rd1 Rad8 16. h3 Qc8 17. g4 Bg6 18. Qg5 Re5 19. Qf4 Qc7 20. O-O Rde8 {½-½ (20) Khurtsilava,I (2202)-Kazimova,N (2256) Konya 2019}) 13. Bg2 Qf6 14. Qc2 Bg4 15. O-O ({Avoid the trap} 15. Bxe4 $2 Rxe4 $1 {[%mdl 512]} 16. Qxe4 Bf3 $19) 15... Bf3 16. Bxf3 exf3 17. Qd3 Re5 18. Rfd1 Rd8 19. Rd2 Qh6 20. Rcd1 g5 21. Qf1 f5 22. Rd5 {aiming for Rxe5.} Rxd5 23. Rxd5 $14 {[%mdl 4096] Endgame KQR-KQR} f4 {[#]} (23... Rf8 $16) 24. Qd3 $1 $18 fxg3 25. hxg3 Qh3 (25... Qg6 $142 26. Rf5 Kh8) 26. Rxg5+ Kh8 {[%csl Gf3][%cal Rh3g2]} 27. Qf1 Qe6 28. Rh5 Qg6 29. Qh3 Qb1+ 30. Kh2 Qc2 {[#]} 31. Kg1 $2 $40 {[%mdl 128] White attacks.} (31. Qe6 $1 $18 {[%cal Re6f6]} Qxf2+ 32. Kh3 Qg2+ 33. Kh4) 31... Rg8 $2 {[%mdl 8192]} (31... Qb1+ $1 $11 {and Black stays safe.} 32. Kh2 Qe4) 32. Qh4 {Qf6+ is the strong threat.} Rf8 {[#]} (32... Qg6 $142 33. Rh6 Qg7) 33. Qe7 $1 {[%cal Re7f8][%mdl 64] Double Attack. White is clearly winning.} Rg8 34. Qf6+ {[%mdl 64] Double Attack} Rg7 35. Rg5 {Accuracy: White = 75%, Black = 43%.} 1-0

[Event "25th Bosnjaci Open 2020"]
[Site "Bosnjaci"]
[Date "2020.01.07"]
[Round "7.6"]
[White "Matanovic, Luka"]
[Black "Babic, Zvonko"]
[Result "1/2-1/2"]
[WhiteElo "2256"]
[BlackElo "2165"]
[Annotator "ChessBase"]
[PlyCount "28"]
[EventDate "2020.01.03"]
[EventType "swiss"]
[EventCountry "CRO"]
[SourceTitle "playchess.com"]
[Source "ChessBase"]
[SourceQuality "1"]
[TimeControl "5400+30"]

1. e4 {[%emt 0:00:30]} d6 {[%emt 0:00:30]} 2. d4 {[%emt 0:00:00]} Nf6 {[%emt 0:00:00]} 3. Bd3 {[%emt 0:01:00]} e5 {[%emt 0:01:00]} 4. c3 {[%emt 0:00:30]} Be7 {[%emt 0:00:30]} 5. Nf3 {[%emt 0:01:30]} Bg4 {[%emt 0:00:30]} 6. Nbd2 {[%emt 0:05:30]} c6 {[%emt 0:04:30]} 7. h3 {[%emt 0:04:30]} Bxf3 {[%emt 0:03:30]} 8. Nxf3 {[%emt 0:00:30]} Nbd7 {[%emt 0:00:00]} 9. O-O {[%emt 0:03:30]} O-O {[%emt 0:03:00]} 10. Re1 {[%emt 0:03:30]} a5 {[%emt 0:11:30]} 11. Bc2 {[%emt 0:05:30]} c5 {[%emt 0:07:30]} 12. Qd3 {[%emt 0:10:30]} Qc7 {[%emt 0:13:30]} 13. Bb3 {[%emt 0:11:30]} a4 {[%emt 0:02:30]} 14. Bd5 {[%emt 0:03:30]} Nxd5 {[%emt 0:05:30]} 1/2-1/2

[Event "25th Bosnjaci Open 2020"]
[Site "Bosnjaci"]
[Date "2020.01.07"]
[Round "7.7"]
[White "Blagojevic, Marijan"]
[Black "Kovacevic, Blazimir"]
[Result "1/2-1/2"]
[WhiteElo "2164"]
[BlackElo "2451"]
[Annotator "TA"]
[PlyCount "72"]
[EventDate "2020.01.03"]
[EventType "swiss"]
[EventCountry "CRO"]
[SourceTitle "playchess.com"]
[Source "ChessBase"]
[SourceQuality "1"]

{[%evp 9,72,17,17,17,23,22,23,11,25,8,11,12,13,10,22,0,0,0,0,0,16,0,0,0,0,-7,0,-32,-12,-29,0,0,40,35,83,11,49,8,16,0,0,-69,12,32,15,17,159,149,158,9,12,12,11,0,0,0,0,0,0,-2,0,-4,0,0,0]} 1. d4 d5 2. c4 e6 3. Nc3 a6 4. cxd5 exd5 5. Bf4 (5. Nf3 h6 6. Bf4 Nf6 7. e3 Bd6 8. Bxd6 Qxd6 9. Qc2 O-O 10. Bd3 Re8 11. h3 Be6 12. O-O Nbd7 13. a4 {½-½ (40) Shankland,S (2725)-Carlsen,M (2835) Wijk aan Zee 2019}) 5... Nf6 6. e3 {D31: Queen's Gambit Declined: Semi-Slav without ...Nf6 (+ Marshall Gambit and Noteboom) and Exchange Variation lines without ...Nf6} Bd6 7. Bxd6 Qxd6 8. Bd3 {White has an edge.} O-O 9. h3 b6 10. Nf3 Nbd7 11. O-O Bb7 12. a3 $146 ({Predecessor:} 12. Qb3 c5 {1-0 (41) Pelletier,Y (2575)-Nabaty,T (2580) Warsaw 2013}) 12... c5 13. dxc5 bxc5 14. Rb1 a5 15. Rc1 Rab8 16. Be2 Bc6 17. Qc2 Rb6 18. Rfd1 Qb8 19. Rb1 Qb7 20. a4 $1 Rb8 {[%cal Rb6b2]} 21. Bb5 Bxb5 22. Nxb5 (22. axb5 $16 Re6 23. Qf5) 22... Ne4 23. Qd3 Ndf6 24. Nd2 Ng5 25. Nc4 {[#]} (25. Rbc1 $11) 25... Ra6 (25... Nxh3+ $1 $15 {[%mdl 512]} 26. gxh3 dxc4) 26. Ncd6 $11 Qd7 27. Qf5 Ne6 {[#]} (27... Qxf5 $11 28. Nxf5 Rb7) 28. Ne4 $1 $16 {[%cal Re4f6]} Nxe4 29. Qxe4 (29. Rxd5 $16 Nd6 30. Qe5) 29... Rd8 $11 {The position is equal.} 30. Qe5 d4 31. exd4 cxd4 32. Rd3 Qd5 33. Qxd5 Rxd5 34. Rbd1 Ra8 35. Kf1 ({Not} 35. Nxd4 $2 Rad8 $19) 35... g6 36. g3 Rc8 {Accuracy: White = 59%, Black = 40%.} 1/2-1/2

[Event "25th Bosnjaci Open 2020"]
[Site "Bosnjaci"]
[Date "2020.01.09"]
[Round "7.8"]
[White "Rogulj, Branko"]
[Black "Abdil, Halil"]
[Result "1-0"]
[WhiteElo "2386"]
[BlackElo "2106"]
[Annotator "TA"]
[PlyCount "55"]
[EventDate "2020.01.03"]
[EventType "swiss"]
[EventCountry "CRO"]
[SourceTitle "playchess.com"]
[Source "ChessBase"]
[SourceQuality "1"]

{[%evp 19,55,-11,0,-25,0,-3,0,-3,47,-43,13,0,15,0,0,0,0,4,119,7,9,1,33,18,19,17,16,12,21,-157,-156,-154,-157,-205,5481,5481,5481,2817]} 1. e4 c5 2. Nc3 Nc6 3. g3 g6 4. Bg2 Bg7 5. d3 d6 6. f4 e6 7. Nf3 Nge7 8. O-O O-O 9. Be3 b6 10. Bf2 Bb7 11. a4 {B25: Closed Sicilian: 3 g3, lines without early Be3} (11. g4 f5 12. gxf5 exf5 13. Qd2 d5 14. e5 d4 15. Ne2 Qd7 16. Ng3 Nd5 17. h4 h5 18. Ng5 Nd8 {0-1 (66) Cubas,J (2506)-Delgado Ramirez,N (2623) Curitiba 2019}) 11... a6 12. Qd2 $146 ({Predecessor:} 12. Nh4 Rc8 13. Rb1 Nb4 14. Ne2 a5 15. c3 Na6 16. g4 f5 17. gxf5 exf5 18. exf5 Bxg2 19. Kxg2 Nxf5 20. Nxf5 Rxf5 {½-½ (32) Dassisti,A (1807)-Di Giuseppe,G (1500) Crema 2003}) 12... Qc7 13. Rae1 {The position is equal.} Nd4 14. Nh4 (14. Nxd4 $1 $14 Bxd4 15. Bxd4 cxd4 16. Ne2) 14... e5 (14... b5 $15) 15. Be3 f6 16. Nd5 Bxd5 17. exd5 Ndf5 18. fxe5 Nxe3 {[#]} (18... fxe5 $11 {keeps the balance.} 19. Nxf5 Nxf5) 19. Qxe3 (19. exd6 $1 $16 Qxd6 20. Qxe3 Nxd5 21. Qe6+ Qxe6 22. Rxe6) 19... fxe5 $11 20. Bh3 Bf6 21. Qh6 Bg7 22. Be6+ Kh8 23. Qg5 $40 {[%mdl 128] White has some attack.} Ng8 24. Re4 $2 ({Better is} 24. Nf3 $11) 24... Rxf1+ $17 25. Kxf1 {Threatens to win with Nxg6+!} Rf8+ 26. Kg2 {Hoping for Nxg6+!} Qe7 $4 {[%mdl 8192] [#]} (26... Bh6 $19 27. Qg4 Nf6) 27. Nxg6+ $1 $18 {[%mdl 512]} hxg6 28. Rh4+ {Accuracy: White = 22%, Black = 27%.} 1-0

[Event "25th Bosnjaci Open 2020"]
[Site "Bosnjaci"]
[Date "2020.01.07"]
[Round "7.9"]
[White "Lazor, Vladimir"]
[Black "Zufic, Miroslav"]
[Result "1/2-1/2"]
[WhiteElo "2158"]
[BlackElo "2375"]
[Annotator "ChessBase"]
[PlyCount "132"]
[EventDate "2020.01.03"]
[EventType "swiss"]
[EventCountry "CRO"]
[SourceTitle "playchess.com"]
[Source "ChessBase"]
[SourceQuality "1"]
[TimeControl "5400+30"]

1. e4 {[%emt 0:05:30]} c5 {[%emt 0:00:30]} 2. Nf3 {[%emt 0:00:30]} d6 {[%emt 0:00:00]} 3. d4 {[%emt 0:00:00]} cxd4 {[%emt 0:00:00]} 4. Nxd4 {[%emt 0:00:00]} Nf6 {[%emt 0:00:00]} 5. Nc3 {[%emt 0:00:30]} a6 {[%emt 0:00:00]} 6. a4 {[%emt 0:00:30]} g6 {[%emt 0:03:30]} 7. Be2 {[%emt 0:00:30]} Bg7 {[%emt 0:00:00]} 8. O-O {[%emt 0:00:00]} O-O {[%emt 0:00:00]} 9. Be3 {[%emt 0:00:00]} Nc6 {[%emt 0:04:30]} 10. f3 {[%emt 0:03:30]} Bd7 {[%emt 0:03:30]} 11. Qd2 {[%emt 0:00:30]} Re8 {[%emt 0:03:30]} 12. Rfd1 {[%emt 0:00:30]} Rc8 {[%emt 0:01:30]} 13. Nb3 {[%emt 0:01:30]} Ne5 {[%emt 0:12:30]} 14. a5 {[%emt 0:03:30]} Nc4 {[%emt 0:00:30]} 15. Bxc4 {[%emt 0:00:30]} Rxc4 {[%emt 0:00:30]} 16. Qd3 {[%emt 0:01:30]} Qc8 {[%emt 0:01:30]} 17. Nd2 {[%emt 0:04:30]} Rc6 {[%emt 0:06:30]} 18. Nb3 {[%emt 0:00:30]} Qb8 {[%emt 0:07:30]} 19. Na4 {[%emt 0:02:30]} Rc7 {[%emt 0:02:30]} 20. Nb6 {[%emt 0:00:30]} Be6 {[%emt 0:00:30]} 21. Nd4 {[%emt 0:06:30]} Nd7 {[%emt 0:04:30]} 22. Nxd7 {[%emt 0:18:30]} Bxd7 {[%emt 0:03:30]} 23. c4 {[%emt 0:00:30]} Qc8 {[%emt 0:15:30]} 24. b3 {[%emt 0:02:30]} f5 {[%emt 0:03:30]} 25. exf5 {[%emt 0:02:30]} gxf5 {[%emt 0:00:00]} 26. Rac1 {[%emt 0:00:30]} Rc5 {[%emt 0:07:43]} 27. Bd2 {[%emt 0:07:30]} e5 {[%emt 0:02:45]} 28. Ne2 {[%emt 0:01:30]} d5 {[%emt 0:02:17]} 29. cxd5 {[%emt 0:03:30]} e4 {[%emt 0:01:08]} 30. fxe4 {[%emt 0:02:30]} Rxe4 {[%emt 0:01:34]} 31. Be3 {[%emt 0:01:30]} Rxc1 {[%emt 0:01:11]} 32. Nxc1 {[%emt 0:04:30]} Bb5 {[%emt 0:06:13]} 33. Qd2 {[%emt 0:00:00]} Bc3 {[%emt 0:01:45]} 34. Qf2 {[%emt 0:00:00]} f4 {[%emt 0:00:28]} 35. Bb6 {[%emt 0:02:30]} Qe8 {[%emt 0:02:19]} 36. d6 {[%emt 0:01:30]} Bd7 {[%emt 0:03:13]} 37. h3 {[%emt 0:00:30]} Be1 {[%emt 0:00:11]} 38. Qf3 {[%emt 0:02:30]} Bg3 {[%emt 0:00:38]} 39. Nd3 {[%emt 0:00:30]} h5 {[%emt 0:01:02]} 40. Bf2 {[%emt 0:00:30]} Bxf2+ {[%emt 0:00:35]} 41. Nxf2 {[%emt 0:01:30]} Re1+ {[%emt 0:00:51]} 42. Rxe1 {[%emt 0:01:30]} Qxe1+ {[%emt 0:00:04]} 43. Kh2 {[%emt 0:00:00]} Qe5 {[%emt 0:00:41]} 44. Nd3 {[%emt 0:01:00]} Qxd6 {[%emt 0:00:12]} 45. Nxf4 {[%emt 0:00:30]} h4 {[%emt 0:00:31]} 46. Qe4 {[%emt 0:02:59]} Kg7 {[%emt 0:01:02]} 47. b4 {[%emt 0:04:31]} Kh6 {[%emt 0:00:33]} 48. Kg1 {[%emt 0:00:26]} Qd1+ {[%emt 0:00:25]} 49. Kf2 {[%emt 0:00:34]} Qd2+ {[%emt 0:00:14]} 50. Ne2 {[%emt 0:00:27]} Kg5 {[%emt 0:00:48]} 51. Qe3+ {[%emt 0:03:34]} Qxe3+ {[%emt 0:00:05]} 52. Kxe3 {[%emt 0:00:16]} Bc6 {[%emt 0:00:39]} 53. g3 {[%emt 0:00:45]} hxg3 {[%emt 0:00:24]} 54. Nxg3 {[%emt 0:00:12]} Kh4 {[%emt 0:00:47]} 55. Nf5+ {[%emt 0:05:00]} Kxh3 {[%emt 0:00:06]} 56. Ne7 {[%emt 0:01:14]} Bg2 {[%emt 0:00:58]} 57. Kf4 {[%emt 0:02:32]} Bh1 {[%emt 0:00:35]} 58. Ke5 {[%emt 0:01:20]} Kg3 {[%emt 0:00:07]} 59. Kd6 {[%emt 0:00:13]} Kf4 {[%emt 0:00:31]} 60. Kc7 {[%emt 0:00:32]} Ke5 {[%emt 0:00:48]} 61. Nc8 {[%emt 0:02:25]} Kd4 {[%emt 0:00:02]} 62. Nd6 {[%emt 0:00:23]} Kc3 {[%emt 0:00:14]} 63. b5 {[%emt 0:00:36]} axb5 {[%emt 0:00:21]} 64. Nxb5+ {[%emt 0:00:02]} Kb4 {[%emt 0:00:11]} 65. Kb6 {[%emt 0:00:03]} Bg2 {[%emt 0:00:31]} 66. Nd6 {[%emt 0:00:21]} Bf3 {[%emt 0:00:24]} 1/2-1/2

[Event "25th Bosnjaci Open 2020"]
[Site "Bosnjaci"]
[Date "2020.01.07"]
[Round "7.10"]
[White "Matic, Zeljko"]
[Black "Jakovljevic, Vlado"]
[Result "1/2-1/2"]
[WhiteElo "2142"]
[BlackElo "2351"]
[Annotator "TA"]
[PlyCount "62"]
[EventDate "2020.01.03"]
[EventType "swiss"]
[EventCountry "CRO"]
[SourceTitle "playchess.com"]
[Source "ChessBase"]
[SourceQuality "1"]

{[%evp 12,62,7,-8,23,12,0,19,17,14,44,52,49,44,56,31,56,35,53,0,0,0,0,0,0,0,0,0,0,0,0,0,0,0,0,0,0,0,0,0,11,0,0,0,0,0,0,0,0,0,15,0,25]} 1. b3 e5 2. Bb2 Nc6 3. e3 d5 4. Bb5 Bd6 5. f4 f6 6. Qh5+ g6 7. Qh4 Nge7 {A01: Nimzowitsch-Larsen Opening} 8. Qxf6 (8. fxe5 fxe5 9. Nf3 O-O 10. Nc3 Nf5 11. Qxd8 Nxd8 12. e4 Nd4 13. Nxd4 exd4 14. Ne2 a6 15. Bd3 {½-½ (52) Hillarp Persson,T (2563)-Grandelius,N (2623) Sunne 2015}) 8... Rf8 9. Qh4 {[#] Threatens to win with fxe5.} exf4 10. Nf3 h5 $146 ({Predecessor:} 10... Bf5 11. exf4 Bxc2 12. O-O Rxf4 13. Qxh7 Qd7 14. Na3 Be4 15. g3 Bxf3 {0-1 (27) Garza Marco,S (2401)-Romon Poves,R (2208) Aragon 2008}) 11. Nc3 $1 Bg4 12. e4 Bxf3 13. gxf3 d4 $1 {[%cal Rd4c3]} 14. Ne2 Be5 $1 15. c3 (15. Qh3 $14) 15... a6 $11 {The position is equal.} 16. Bxc6+ $1 Nxc6 17. Qxd8+ Rxd8 18. cxd4 Bxd4 19. Nxd4 Nxd4 20. Bxd4 Rxd4 {[%mdl 4096] Endgame KRR-KRR} 21. Rg1 Kf7 22. Rc1 c6 23. Rc4 Rfd8 (23... Rd3 {with more complications.} 24. Rc3 Rd7 25. d3 Rfd8 26. Ke2 c5) 24. Rxd4 Rxd4 {KR-KR} 25. h4 a5 {[%cal Ba6a5,Ba5a4][%mdl 32]} 26. Ke2 a4 27. Rb1 {With the idea bxa4.} Rb4 28. Kd3 Rb5 29. Kc4 axb3 30. axb3 Ra5 31. Kd4 Ra2 {Accuracy: White = 79%, Black = 75%.} 1/2-1/2

[Event "25th Bosnjaci Open 2020"]
[Site "Bosnjaci"]
[Date "2020.01.09"]
[Round "7.11"]
[White "Zovko, Mario"]
[Black "Dabic, Stjepan"]
[Result "1/2-1/2"]
[WhiteElo "2330"]
[BlackElo "2066"]
[Annotator "TA"]
[PlyCount "75"]
[EventDate "2020.01.03"]
[EventType "swiss"]
[EventCountry "CRO"]
[SourceTitle "playchess.com"]
[Source "ChessBase"]
[SourceQuality "1"]

{[%evp 9,75,29,35,44,28,10,50,1,29,14,12,10,13,18,37,-9,12,-20,59,55,47,53,70,70,65,29,33,35,43,17,50,12,55,5,13,-6,-5,-29,6,-11,-23,-20,91,99,114,106,110,96,82,0,69,27,55,0,0,-61,-20,-160,-158,-174,-146,-194,-138,-297,-314,-294,-204,-210]} 1. d4 Nf6 2. Nc3 d5 3. Bf4 c5 4. e4 (4. e3 cxd4 5. exd4 a6 6. Nf3 Bg4 7. h3 Bxf3 8. Qxf3 Nc6 9. O-O-O e6 10. g4 Rc8 11. g5 Nd7 12. h4 Qb6 13. Qe3 {0-1 (28) Artemiev,V (2746)-Aronian,L (2758) chess.com INT 2019}) 4... e6 5. Nb5 Na6 $1 6. e5 {D00: 1 d4 d5: Unusual lines} Nd7 7. Nf3 $146 ({Predecessor:} 7. Qg4 Nb4 8. Kd1 a6 9. Nd6+ Bxd6 10. Qxg7 Rf8 11. exd6 {½-½ (65) Soetewey,S (2222)-Piceu,T (2228) Belgium 2002}) 7... Be7 8. a3 {White is slightly better.} O-O 9. Bd3 c4 10. Be2 Qa5+ 11. Nc3 f6 12. Bg3 Nab8 13. O-O f5 (13... fxe5 $11 14. Nxe5 Nxe5 15. dxe5 (15. Bxe5 Nc6 $15) 15... Nc6) 14. Bh4 Bxh4 15. Nxh4 Nc6 16. Qd2 b5 {[%cal Bb7b5,Bb5b4][%mdl 32]} 17. f4 Qb6 18. Nf3 a6 19. Kh1 Ne7 20. Rad1 a5 21. Rg1 b4 22. Nb1 Ba6 23. c3 Rab8 24. Qe3 bxa3 25. bxa3 h6 (25... Qc6 $11) 26. Nh4 $16 Kh7 27. g4 g6 28. Rg2 Rg8 29. gxf5 (29. Nd2 $16) 29... exf5 (29... gxf5 $11 30. Bh5 Rxg2 31. Nxg2 Qb2) 30. Nf3 Qe6 31. h4 {[#]} ({White should play} 31. Qf2 $14) 31... Nf6 $1 $36 {[%mdl 2560] Black has good play.} 32. Nfd2 (32. Qc1 $11 Ne4 33. Nbd2) (32. exf6 Qxe3) 32... Ne4 (32... Ng4 $5 {[%cal Rg4e3]} 33. Qg3 Kh8 $15) 33. Nxe4 (33. Rdg1 $11 {remains equal.}) 33... fxe4 $17 34. Bg4 Nf5 35. Qh3 Bc8 (35... h5 $19 36. Bxf5 Qxf5 37. Qxf5 gxf5) 36. h5 $2 {[#]} (36. Nd2 $17) 36... gxh5 $19 37. Qxh5 Ng3+ 38. Rxg3 {Accuracy: White = 19%, Black = 40%.} 1/2-1/2